000 00285nam a2200109Ia 4500
005 20251222143213.0
008 251222s9999||||xx |||||||||||||| ||spa||
082 _a370.7/C78
245 0 _aHacia la Calidad Educativa
264 _bColección Gerencia de Centros Educativos
942 _cLIB
999 _c13504
_d13504